Accounting for natural resources in Ecuador : (Registro nro. 1200)
[ vista simple ]
| 000 -CABECERA | |
|---|---|
| Campo de control | 00787nam a2200217 a 4500 |
| 005 - FECHA Y HORA DE LA ULTIMA TRANSACCION | |
| Campo de control | 20160311124342.0 |
| 008 - ELEMENTOS DE LONGITUD FIJA—INFORMACION GENERAL | |
| Campo de control | 140226b1996 waud fr||||i00| 0 eng d |
| 040 ## - FUENTE DE CATALOGACIÓN | |
| Agencia catalogadora original | CO-BoIAVH |
| Agencia transcriptora | CO-BoIAVH |
| 041 0# - IDIOMA | |
| Código de idioma para texto/pista de sonido o título separado | Inglés |
| 044 ## - PAÍS DE PUBLICACIÓN | |
| País de publicación | Estados Unidos |
| 082 04 - NUMERO DE CLASIFICACION DECIMAL DEWEY | |
| Número de clasificación | 333.709866 |
| Número del ítem | K29a |
| 100 1# - ASIENTO PRINCIPAL--NOMBRE PERSONAL | |
| Nombre personal | Kellenberg, John |
| 9 (RLIN) | 11276 |
| 245 10 - MENCION DE TITULO | |
| Título | Accounting for natural resources in Ecuador : |
| Parte restante del título | contrasting methodologies, conflicting results |
| 260 ## - PUBLICACION, DISTRIBUCION, ETC. (PIE DE IMPRENTA) | |
| Lugar de publicación, distribución, etc. | Washington : |
| Nombre del editor, distribuidor, etc. | World Bank, |
| Fecha de publicación, distribución, etc. | 1996. |
| 300 ## - DESCRIPCION FISICA | |
| Extensión | iii, 41 páginas : |
| Otros detalles físicos | tablas, gráficas ; |
| Dimensiones | 28 x 22 centímetros |
| 490 #0 - MENCION DE SERIE | |
| Mención de serie | Environmental economics series ; |
| Designación numérica/secuencial del volumen | 41 |
| 650 #6 - ASIENTO SECUNDARIO DE MATERIA - TERMINO TEMATICO | |
| Término temático o nombre geográfico como elemento de entrada | Recursos naturales |
| Subdivisión geográfica | Ecuador |
| 9 (RLIN) | 64051 |
| 650 #6 - ASIENTO SECUNDARIO DE MATERIA - TERMINO TEMATICO | |
| Término temático o nombre geográfico como elemento de entrada | Biodiversidad |
| Subdivisión general | usos tradicionales |
| Subdivisión geográfica | Ecuador |
| 9 (RLIN) | 64052 |
| 650 #6 - ASIENTO SECUNDARIO DE MATERIA - TERMINO TEMATICO | |
| Término temático o nombre geográfico como elemento de entrada | Biodiversidad |
| Subdivisión general | Aspectos económicos |
| Subdivisión geográfica | Ecuador |
| 9 (RLIN) | 64053 |
| 942 ## - ELEMENTOS ADICIONALES (KOHA) | |
| Tipo de ítem | Libro |
| Sistema de clasificación | Dewey Decimal Classification |
| Withdrawn status | Lost status | Sistema de Clasificación | Damaged status | No para préstamo | Colección | Inventariado | Ubicación Permanente | Ubicación actual | Fecha de adquisición | Fuente de Valor | Valor | Total Checkouts | Número topográfico | Inventario / Código de Barras | Date last seen | Ejemplar | Price effective from | Forma de adquisición | Tipo de material |
|---|---|---|---|---|---|---|---|---|---|---|---|---|---|---|---|---|---|---|---|
| Dewey Decimal Classification | General | Inventariado 2017 | Bogotá | Bogotá | 24/04/1999 | Instituto | 39000.00 | LB-333.709866 K29a | 001628 | 04/12/2012 | Ej. 1 | 04/12/2012 | Libro |